000 01252nam0a22002651 4500
001 rc\824569
005 20041129091618.4
035 _a(NLR Aleph) 006007026
090 _a7288769
_c7288769
100 _a20041129d1984 u |0rusy50 ca
101 0 _arus
102 _aRU
105 _aa |||||||||
200 1 _aЭлектроника и радиоизмерения
_eУчеб. пособие для практ. занятий для студентов спец. 0604, 0629, 0643, 0635
_fР.Р. Васильев, А.С. Муравьева, Л.И. Варнаков
_gМ-во высш. и сред. спец. образования СССР, Моск. ин-т стали и сплавов. Каф. автоматизации пр-ва цв. и ред. металлов
210 _aМ.
_cМИСиС
_d1984 (вып. дан. 1985)
215 _a134 с.
_cил.
_d20
320 _aБиблиогр.: с. 111
700 1 _aВасильев
_bР. Р.
_gРостислав Романович
701 1 _aМуравьева
_bА. С.
_gАнтонина Сергеевна
701 1 _aВарнаков
_bЛ. И.
_gЛеонид Иванович
801 0 _aRU
_bNLR
_gpsbo
801 1 _aRU
_bELAR
_2rusmarc
852 _aNLR
_j86-3/12630
942 _cBOOK
980 _aNB